| 000 | 01676nam a2200505 i 4500 | ||
|---|---|---|---|
| 001 | 40529 | ||
| 003 | KOSZ 005 | ||
| 005 | 20210608083724.0 | ||
| 008 | 991214s1999 pl a |000 0 pol | ||
| 015 | _aUWD 1999/19759 | ||
| 020 | _a8391288706 | ||
| 035 | _a991012260739705066 | ||
| 035 | _a(PL-WaBN)b13320117-48omnis_nlop | ||
| 035 | _ab13320117 | ||
| 035 | _a(OCoLC)750555438 | ||
| 035 | _axx001603572 | ||
| 035 | _a(PL)b0000001332011 | ||
| 035 | _a(EXLNZ-48OMNIS_NETWORK)9910310583705606 | ||
| 040 |
_aWA N _cWA N _dKOSZ 005/HR |
||
| 041 | 0 | _apol | |
| 046 | _k1999 | ||
| 080 | _a621.7 | ||
| 080 | _a(07) | ||
| 100 | 1 |
_aRuszaj, Adam _eAutor |
|
| 245 | 1 | 0 |
_aNiekonwencjonalne metody wytwarzania elementów maszyn i narzędzi / _cAdam Ruszaj ; Instytut Obróbki Skrawaniem. |
| 260 |
_aKraków : _bIOS, _c1999. |
||
| 300 |
_a378 s. : _bfot., rys., wykr. ; _c24 cm. |
||
| 336 |
_aTekst _btxt _2rdacontent |
||
| 337 |
_aBez urządzenia pośredniczącego _bn _2rdamedia |
||
| 338 |
_aWolumin _bnc _2rdacarrier |
||
| 380 | _aKsiążki | ||
| 388 | _a1901-2000 | ||
| 388 | _a1989-2000 | ||
| 490 | 1 | _aPrace Instytutu Obróbki Skrawaniem. Monografia | |
| 504 | _aBibliogr. przy rozdz. | ||
| 650 | 7 |
_aTechnologia _2DBN |
|
| 650 | 7 | _aCzęści maszyn | |
| 655 | 7 |
_aPodręcznik _2DBN |
|
| 658 | _aInżynieria i technika | ||
| 710 | 2 | _aInstytut Obróbki Skrawaniem | |
| 830 | 0 |
_aPrace Instytutu Obróbki Skrawaniem. _pMonografia |
|
| 856 |
_uhttp://koha.tu.koszalin.pl/cgi-bin/koha/opac-detail.pl?biblionumber=40529 _yKatalog online BPK |
||
| 942 |
_2UKD _cKS |
||
| 999 |
_c40529 _d40529 |
||